[Event "MCR_EM_CF11"]
[Site "?"]
[Date "2004.??.??"]
[Round "?"]
[White "Trs, Jan"]
[Black "Stastny, Pavel"]
[Result "1-0"]
[WhiteElo "2145"]
[BlackElo "2000"]
[PlyCount "75"]
[EventDate "2004.??.??"]
[EventType "corr"]
[EventRounds "2"]
[SourceDate "2005.03.12"]

1. d4 Nf6 2. c4 e6 3. Nc3 Bb4 4. Qc2 O-O 5. a3 Bxc3+ 6. Qxc3 b6 7. Bg5 Bb7 8.
f3 h6 9. Bh4 d5 10. e3 Nbd7 11. cxd5 exd5 12. Bd3 Re8 13. Ne2 c5 14. O-O Qe7
15. Bf2 a5 16. Ng3 a4 17. Rae1 Qe6 18. Rd1 Ba6 19. Bf5 Qc6 20. Rfe1 Rad8 21. e4
dxe4 22. fxe4 Bb7 23. d5 Qd6 24. Bh3 Qe5 25. Qc2 g6 26. Be3 h5 27. Qc1 Ng4 28.
Bf4 Qg7 29. Qc2 Ra8 30. Bxg4 hxg4 31. Ne2 Ne5 32. Nc3 c4 33. Bxe5 Qxe5 34. Qf2
Bc8 35. Rf1 Ra7 36. Nxa4 g3 37. hxg3 Bg4 38. Rde1 1-0

[Event "MCR_EM_CF11"]
[Site "?"]
[Date "2004.??.??"]
[Round "?"]
[White "Trs, Jan"]
[Black "Tkac, Leopold"]
[Result "1/2-1/2"]
[WhiteElo "2145"]
[BlackElo "2093"]
[PlyCount "53"]
[EventDate "2004.??.??"]
[EventType "corr"]
[EventRounds "2"]
[SourceDate "2005.03.12"]

1. d4 Nf6 2. c4 e6 3. Nc3 Bb4 4. Qc2 d6 5. Nf3 O-O 6. a3 Bxc3+ 7. Qxc3 Nbd7 8.
g3 b6 9. Bg2 Bb7 10. O-O a5 11. b3 c5 12. Bb2 Qc7 13. Rfd1 Ne4 14. Qe3 Rfe8 15.
dxc5 bxc5 16. Ng5 Nxg5 17. Qxg5 f6 18. Qf4 Bxg2 19. Qxd6 Qxd6 20. Rxd6 Be4 21.
Rxd7 Bc2 22. Rc1 Bxb3 23. Rc3 Ba4 24. Rdd3 Kf7 25. Bc1 Rab8 26. f3 g5 27. Kf2
1/2-1/2